Score 0/15 Timer 01:00
0 Plays Today
% Correct
Deliver
89.4%
Do
88%
Darkly
86.4%
Defy
85.9%
Delightful
85.3%
Dune
83.5%
Device
82.5%
Desperately
82.5%
% Correct
Duh
81.8%
D’oh
81.4%
Doe
77.3%
Drat
76.7%
Duly
76.6%
Distinct
72.2%
Deft
64.9%
Remove Ads.
Support Sporcle.
Get the best of Sporcle when you Go Orange. This ad-free experience offers more features, more stats, and more fun while also helping to support Sporcle. Thank you for becoming a member.

You're not logged in!

Compare scores with friends on all Sporcle quizzes.
OR
Log In

Sporcle TV

Today on Sporcle TV


Watch our educational content, quiz creation guides, and fun videos on Sporcle TV.

Show Comments

Extras

Top Quizzes Today


Score Distribution

Paid Content

Your Account Isn't Verified!

In order to create a playlist on Sporcle, you need to verify the email address you used during registration. Go to your Sporcle Settings to finish the process.

Report this User

Report this user for behavior that violates our Community Guidelines.

Details: